|
|
|
|
| LEADER |
01423nam a2200397 i 4500 |
| 001 |
EBC4498586 |
| 003 |
MiAaPQ |
| 005 |
20201109210955.0 |
| 006 |
m o d | |
| 007 |
cr cnu|||||||| |
| 008 |
201109s2010 ch a o 000 0 chi d |
| 020 |
|
|
|a 9787508513034
|q (electronic bk.)
|
| 035 |
|
|
|a (MiAaPQ)EBC4498586
|
| 035 |
|
|
|a (Au-PeEL)EBL4498586
|
| 035 |
|
|
|a (CaPaEBR)ebr11203740
|
| 035 |
|
|
|a (OCoLC)948395502
|
| 040 |
|
|
|a MiAaPQ
|b eng
|e rda
|e pn
|c MiAaPQ
|d MiAaPQ
|
| 043 |
|
|
|a a-cc---
|
| 050 |
|
4 |
|a HC427.9
|b .W8 2010
|
| 082 |
0 |
|
|a 320.1
|2 23
|
| 100 |
1 |
|
|a Wu, Li,
|d 1956-
|e author.
|
| 245 |
1 |
0 |
|a China's Economy /
|c Sui Fumin Wu Li.
|
| 250 |
|
|
|a Chinese edition.
|
| 264 |
|
1 |
|a Beijing, China :
|b China Intercontinental Press,
|c 2010.
|
| 300 |
|
|
|a 1 online resource (135 pages) :
|b illustrations.
|
| 336 |
|
|
|a text
|b txt
|2 rdacontent
|
| 337 |
|
|
|a computer
|b c
|2 rdamedia
|
| 338 |
|
|
|a online resource
|b cr
|2 rdacarrier
|
| 490 |
1 |
|
|a China Basics Series
|
| 588 |
|
|
|a Description based on print version record.
|
| 590 |
|
|
|a Electronic reproduction. Ann Arbor, MI : ProQuest, 2018. Available via World Wide Web. Access may be limited to ProQuest affiliated libraries.
|
| 650 |
|
0 |
|a Economic history
|z China.
|
| 655 |
|
4 |
|a Electronic books.
|
| 797 |
2 |
|
|a ProQuest (Firm)
|
| 830 |
|
0 |
|a China basics series.
|
| 856 |
4 |
0 |
|u https://ebookcentral.proquest.com/lib/matrademy/detail.action?docID=4498586
|z Click to View
|